Lope de Vega y los orígenes del teatro español

Guardat en:
Dades bibliogràfiques
Autor corporatiu: Patronato Arcipreste de Hita (Autor)
Format: Llibre
Idioma:espanyol
Publicat: Madrid Edi-6 1981
Matèries:
Etiquetes: Afegir etiqueta
Sense etiquetes, Sigues el primer a etiquetar aquest registre!

MARC

LEADER 00000nam a2200000 a 4500
001 UCT7693
003 CL-VaPUC
005 20220427074657.0
008 970123e19810000sp 1 spa d
082 0 4 |a 862.09  |b PAT  |2 21 
110 2 |a Patronato Arcipreste de Hita  |e author  |9 618178 
245 1 0 |a Lope de Vega y los orígenes del teatro español 
246 1 0 |a Actas del I Congreso Internacional sobre Lope de Vega 
260 |a Madrid  |b Edi-6  |c 1981 
300 |a 974 p 
583 |a last modification  |c 19970123 00:00:00  |k Rodrigo Vera 
600 1 7 |a VEGA, LOPE DE  |2 CL-VaPUC  |9 319628 
650 0 0 |a Literatura española  |9 306261 
650 0 0 |a Teatro español  |9 265077 
650 0 0 |a Crítica literaria   |9 269189 
650 0 0 |a Crítica e interpretación   |9 255042 
942 |c BK 
945 |a rleighto  |d 19970123 00:00:00 
546 |a En Español 
518 |p Congreso Internacional sobre Lope de Vega, 1 
999 |c 382822  |d 382820 
952 |0 0  |1 0  |4 0  |6 862_090000000000000_PAT_1981  |7 0  |8 A  |9 504713  |a BIBEDU  |b BIBEDU  |d 2020-01-23  |i 3271919  |o 862.09 PAT 1981  |p 3271919  |r 2020-01-23  |w 2020-01-23  |y BK  |k LIT 
952 |0 0  |1 0  |4 0  |6 862_090000000000000_PAT_1981  |7 0  |8 A  |9 504714  |a BIBEDU  |b BIBEDU  |d 2020-01-23  |i 3271927  |o 862.09 PAT 1981  |p 3271927  |r 2020-01-23  |w 2020-01-23  |y BK  |k LIT